| 000 | 00997cam a22002897a 4500 | ||
|---|---|---|---|
| 001 | 3151 | ||
| 005 | 20240214120209.0 | ||
| 020 | _a9780448457192 (pbk.) | ||
| 020 | _a9780448457192 | ||
| 040 |
_aOCO _cOCO _dB@L _dUPZ _dQQ3 _dBDX _dDLC _beng |
||
| 050 | 0 | 0 |
_aPZ7.A8152 _b 2011 |
| 082 | 0 | 4 | _a303 |
| 100 | 1 | _aAshe, Jade | |
| 245 | 1 | 0 |
_aDay of the dark knight! / _cadapted by Jade Ashe. |
| 260 |
_aNew York : _bPenguin Young Readers, _c2011 |
||
| 300 |
_a48 pages : _bcolor illustrations ; _c24 cm. |
||
| 490 | 0 | _aPenguin Young readers. Level 4, fluent reader | |
| 505 | _aR | ||
| 520 | _aBatman travels back in time with Green Arrow where Merlin asks them to battle Morgaine le Fey and obtain the sword Excalibur, but the heroes end up fighting their own egos. | ||
| 521 |
_a710
_bLexile |
||
| 521 |
_aR
_bRaz-Plus |
||
| 650 | 1 |
_aReaders _2fiction |
|
| 700 | 1 | _aDeMatteis, J. M | |
| 700 | 1 | _aKane, Bob | |
| 906 |
_a7 _bcbc _ccopycat _d2 _encip _f20 _gy-gencatlg |
||
| 942 |
_2ddc _cBK _n0 |
||
| 999 |
_c3151 _d3151 |
||